Introducción a los fundamentos lógicos, filosóficos y metodológicos de las escuelas de taxonomía biológica (Registro nro. 1387)

Detalles MARC
000 -CABECERA
Campo de control 00785nam a2200253 a 4500
005 - FECHA Y HORA DE LA ULTIMA TRANSACCION
Campo de control 20191224041601.0
008 - ELEMENTOS DE LONGITUD FIJA—INFORMACION GENERAL
Campo de control 160118b xxu||||| |||| 00| 0 spa d
040 ## - FUENTE DE CATALOGACIÓN
Agencia catalogadora original CO-BoIAVH
Agencia transcriptora CO-BoIAVH
041 0# - IDIOMA
Código de idioma para texto/pista de sonido o título separado Español
082 04 - NUMERO DE CLASIFICACION DECIMAL DEWEY
Número de clasificación LB-578.012
Número del ítem P21p
245 ## - MENCION DE TITULO
Título Introducción a los fundamentos lógicos, filosóficos y metodológicos de las escuelas de taxonomía biológica
260 ## - PUBLICACION, DISTRIBUCION, ETC. (PIE DE IMPRENTA)
Lugar de publicación, distribución, etc. México
Nombre del editor, distribuidor, etc. Unam
Fecha de publicación, distribución, etc. 1995
300 ## - DESCRIPCION FISICA
Extensión 182 Paginas.
490 0# - MENCION DE SERIE
Mención de serie Principia Taxonomica ;
Designación numérica/secuencial del volumen 7
650 #6 - ASIENTO SECUNDARIO DE MATERIA - TERMINO TEMATICO
Término temático o nombre geográfico como elemento de entrada Filogenética
9 (RLIN) 4310
650 #6 - ASIENTO SECUNDARIO DE MATERIA - TERMINO TEMATICO
Término temático o nombre geográfico como elemento de entrada Taxonomía
9 (RLIN) 61405
650 #6 - ASIENTO SECUNDARIO DE MATERIA - TERMINO TEMATICO
Término temático o nombre geográfico como elemento de entrada Sistemática
9 (RLIN) 3510
650 #4 - ASIENTO SECUNDARIO DE MATERIA - TERMINO TEMATICO
Término temático o nombre geográfico como elemento de entrada Analogía
9 (RLIN) 52405
650 #4 - ASIENTO SECUNDARIO DE MATERIA - TERMINO TEMATICO
Término temático o nombre geográfico como elemento de entrada Homología
9 (RLIN) 52406
650 #4 - ASIENTO SECUNDARIO DE MATERIA - TERMINO TEMATICO
Término temático o nombre geográfico como elemento de entrada Homogenética
9 (RLIN) 52407
650 #4 - ASIENTO SECUNDARIO DE MATERIA - TERMINO TEMATICO
Término temático o nombre geográfico como elemento de entrada Homoplastia
9 (RLIN) 52408
700 1# - ASIENTO SECUNDARIO - NOMBRE PERSONAL
Nombre personal Llorente Bousquets, Jorge E.
9 (RLIN) 12040
942 ## - ELEMENTOS ADICIONALES (KOHA)
Tipo de ítem Libro
Sistema de clasificación Dewey Decimal Classification
Existencias
Withdrawn status Lost status Sistema de Clasificación Damaged status No para préstamo Colección Ubicación Permanente Ubicación actual Fecha de adquisición Fuente de Valor Total Checkouts Número topográfico Inventario / Código de Barras Date last seen Ejemplar Price effective from Tipo de material Inventariado Valor Forma de adquisición
    Dewey Decimal Classification     General Bogotá Bogotá 07/12/2000 Instituto   LB-578.012 P21p 003652 04/12/2012 V.2 Ej.1 04/12/2012 Libro Inventariado 2017 39000.00  
    Dewey Decimal Classification     General Bogotá Bogotá 07/12/2000 Instituto   LB-578.012 P21p 003653 04/12/2012 V.4 Ej.1 04/12/2012 Libro Inventariado 2017 39000.00  
    Dewey Decimal Classification     General Bogotá Bogotá 07/12/2000 Instituto   LB-578.012 P21p 004269 04/12/2012 V.5 Ej.1 04/12/2012 Libro Inventariado 2017 39000.00  
    Dewey Decimal Classification     General Bogotá Bogotá 07/12/2000 Instituto   LB-578.012 P21p 004270 04/12/2012 V.6 Ej.1 04/12/2012 Libro Inventariado 2017 39000.00  
    Dewey Decimal Classification     General Bogotá Bogotá 07/12/2000 Instituto   LB-578.012 P21p 004271 04/12/2012 V.7 Ej.1 04/12/2012 Libro Inventariado 2017 39000.00  
    Dewey Decimal Classification     General Bogotá Bogotá 07/12/2000 Instituto   LB-578.012 P21p 015228 04/12/2012 V.3 Ej.1 04/12/2012 Libro Inventariado 2017 39000.00  
    Local     General Villa de Leyva Villa de Leyva 07/12/2000 Llorente Bousquets, Jorge   LB-01379 001927 04/12/2012 V.8 Ej.1 04/12/2012 Libro